00607cam a22001452 4500001001100000005001700011008004100028100004400069245014200113260004100255300003100296502004500327650005300372650003600425000002344120151217161557.0121129s xx 000 0 eng d1 aAtsango, Catherine Musungu.@000018283210aStrategies adopted by Kenyan sugar companies in response to globalization :ba case of mumias sugar company /cCatherine Musungu Atsango. aNakuru :bKabarak University,c2012. aix, 43 leaves +e1 CD-ROM. aThesis (MBA) - Kabarak University, 2012. 0aMumias sugar company (Kenya)zKenya.@0000182833 0aSugar tradezKenya.@0000182834